Hacia una didáctica por objetivos

I tiakina i:
Ngā taipitopito rārangi puna kōrero
Kaituhi matua: Birzea, César (Author)
Hōputu: Pukapuka
Reo:Pāniora
I whakaputaina: Madrid Morata 1980
Rangatū:Colección pedagogía. La pedagogía hoy
Ngā marau:
Ngā Tūtohu: Tāpirihia he Tūtohu
Kāore He Tūtohu, Me noho koe te mea tuatahi ki te tūtohu i tēnei pūkete!

MARC

LEADER 00000nam a2200000 a 4500
001 UCZ0524
003 CL-VaPUC
008 950728e19800000SP |||||||||||||||||spa|d
082 0 4 |a 370.11  |b BIR  |2 21 
100 0 |a Birzea, César  |e author  |9 343447 
245 1 0 |a Hacia una didáctica por objetivos 
300 |a 240 p 
942 |c BK 
945 |d 19950728 00:00:00  |a cmena 
260 |a Madrid  |b Morata  |c 1980 
650 7 |a PAPEL DE LA EDUCACION  |2 CL-VaPUC  |9 338800 
650 0 |a Procesos de aprendizaje  |9 309161 
650 0 |a Métodos de enseñanza  |9 270413 
650 0 |a Disciplina escolar  |9 271077 
650 0 |a Planificación de la educación   |9 307333 
583 |a last modification  |c 19950728 00:00:00  |k Rodrigo Vera 
490 0 |a Colección pedagogía. La pedagogía hoy 
999 |c 237444  |d 237442 
952 |0 0  |1 0  |4 0  |6 370_110000000000000_BIR_1980  |7 0  |8 A  |9 246519  |a BIBEDU  |b BIBEDU  |d 2019-11-18  |i 154487K  |o 370.11 BIR 1980  |p 154487K  |r 2019-11-18  |w 2019-11-18  |y BK  |k EDU 
952 |0 0  |1 0  |4 0  |6 370_110000000000000_BIR_1980  |7 0  |8 A  |9 246520  |a BIBEDU  |b BIBEDU  |d 2019-11-18  |i 1544888  |o 370.11 BIR 1980  |p 1544888  |r 2019-11-18  |w 2019-11-18  |y BK  |k EDU 
952 |0 0  |1 0  |4 0  |6 370_110000000000000_BIR_1980  |7 0  |8 A  |9 246521  |a BIBEDU  |b BIBEDU  |d 2019-11-18  |i 1544896  |o 370.11 BIR 1980  |p 1544896  |r 2019-11-18  |w 2019-11-18  |y BK  |k EDU